000 00546nam a2200217Ia 4500
005 20140405092722.0
008 140130s9999 xx 000 0 und d
020 _a0590866362
050 _aPZ 8.3
_b.B5715Han 2003
100 _aBlack, Sonia W.
_931079
245 _cSonia W. Black.
_aHanging Out With Mom /
260 _bScholastic Inc,
_c2003.
_aUSA :
300 _a30 p. :
_bill. col. ;
_c24 cm.
440 _v1
_931080
521 _aBR
526 _cBR
942 _cBK
_2lcc
999 _c41496
_d41496